Normal view
MARC view
- OSI-COMPUTER NETWORK STANDARD TCP-IP-COMPUTER NETWORK PROTOCOL COMPUTER NETWORKS NETWORKING SYSTEMS-TCP-IP AND OSI
Entry Topical Term
001 - CONTROL NUMBER
- control field: 76780
003 - CONTROL NUMBER IDENTIFIER
- control field: NUST
005 - DATE AND TIME OF LATEST TRANSACTION
- control field: 20210628205718.0
008 - FIXED-LENGTH DATA ELEMENTS
- fixed length control field: 210628|| aca||aabn | a|a d
040 ## - CATALOGING SOURCE
- Original cataloging agency: NUST
- Transcribing agency: NUST
150 ## - HEADING--TOPICAL TERM
- Topical term or geographic name entry element: OSI-COMPUTER NETWORK STANDARD TCP-IP-COMPUTER NETWORK PROTOCOL COMPUTER NETWORKS NETWORKING SYSTEMS-TCP-IP AND OSI
670 ## - SOURCE DATA FOUND
- Source citation: Work cat.: (NUST): Chapin, A. Layman Piscitello, David M 76779, Open systems networking tcp-ip and osi, 1993
